The Celery Quiz Stats

Quiz Updated Jun 12, 2013

Also try: French Foods
Challenge
Share
Tweet
Embed
Score 0/10 Timer 04:00
2 Plays Today
Celery-Themed Question Answer % Correct
This state on the West Coast accounts for about two-thirds of the production of celery in the United States.California
90.2%
Celery is commonly used as a garnish in this cocktail containing 3 parts vodka, 6 parts tomato juice, and 1 part lemon juice.Bloody Mary
89.3%
To prepare the delicious and nutritious snack ''Ants on a Log'', these (the ants) are placed on a piece of celery (the log) that is spread with peanut butter.raisins
83.5%
Though the science behind the fun fact is constantly debated, the consumption of celery is said to contain a negative value of this unit of food energy.calorie
83.1%
Along with the juices of seven other vegetables, celery juice was one of the original ingredients of this beverage made by the Campbell Soup Company. V8 vegetable juice
79.1%
During a Season 7 episode of ''Friends'', this character, played by Lisa Kudrow, made a list of the different types of celery; she came up with only one: regular celery.Phoebe Buffay
77.2%
The sodium and potassium found in celery act as a diuretic, stimulating the production of this body fluid. urine
76.8%
Chop some apples, celery and walnuts, and mix it with mayonnaise to make this salad that was first served at a fancy hotel in New York City in the late 19th century.Waldorf salad
65.4%
One cup of raw celery contains over 40% of your daily recommended supply of this vitamin, scientifically known as phylloquinone.vitamin K
44%
There are actually many different varieties of celery; the majority of celery sold in North America is this type, which shares its name with this French mathematician. (Blaise) Pascal
16.7%

You're not logged in!

Compare scores with friends on all Sporcle quizzes.
Join for Free
OR
Log In

You Might Also Like...

Show Comments

Extras

Top Quizzes Today


Score Distribution

Your Account Isn't Verified!

In order to create a playlist on Sporcle, you need to verify the email address you used during registration. Go to your Sporcle Settings to finish the process.

Report this User

Report this user for behavior that violates our Community Guidelines.

Details: